<?xml version="1.0" encoding="UTF-8"?>
<record
    xmlns:xsi="http://www.w3.org/2001/XMLSchema-instance"
    xsi:schemaLocation="http://www.loc.gov/MARC21/slim http://www.loc.gov/standards/marcxml/schema/MARC21slim.xsd"
    xmlns="http://www.loc.gov/MARC21/slim">

  <leader>00529nam a22001937a 4500</leader>
  <controlfield tag="003">KOHA_M&#x130;RAKIL</controlfield>
  <controlfield tag="005">20240930101033.0</controlfield>
  <controlfield tag="008">240929b2021    tu ||||| |||| 00| 0 tur d</controlfield>
  <datafield tag="020" ind1=" " ind2=" ">
    <subfield code="a">9786057639912</subfield>
  </datafield>
  <datafield tag="040" ind1=" " ind2=" ">
    <subfield code="a">TR-AnABB</subfield>
    <subfield code="b">tur</subfield>
    <subfield code="c">TR-AnABB</subfield>
  </datafield>
  <datafield tag="041" ind1=" " ind2=" ">
    <subfield code="a">tur</subfield>
  </datafield>
  <datafield tag="082" ind1=" " ind2=" ">
    <subfield code="a">828.3354</subfield>
    <subfield code="b">DUN 2021</subfield>
  </datafield>
  <datafield tag="100" ind1=" " ind2=" ">
    <subfield code="a">Dunbar, Paul Laurence.</subfield>
  </datafield>
  <datafield tag="245" ind1=" " ind2="0">
    <subfield code="a">&#xC7;a&#x11F;r&#x131;lmayan /</subfield>
    <subfield code="c">Paul Laurence Dunbar.</subfield>
  </datafield>
  <datafield tag="260" ind1=" " ind2=" ">
    <subfield code="a">&#x130;stanbul :</subfield>
    <subfield code="b">Dedalus,</subfield>
    <subfield code="c">2021.</subfield>
  </datafield>
  <datafield tag="300" ind1=" " ind2=" ">
    <subfield code="a">168 sayfa ;</subfield>
    <subfield code="c">21 cm.</subfield>
  </datafield>
  <datafield tag="650" ind1=" " ind2=" ">
    <subfield code="a">Amerikan edebiyat&#x131;, roman</subfield>
  </datafield>
  <datafield tag="942" ind1=" " ind2=" ">
    <subfield code="2">ddc</subfield>
    <subfield code="c">BK</subfield>
  </datafield>
  <datafield tag="952" ind1=" " ind2=" ">
    <subfield code="0">0</subfield>
    <subfield code="1">0</subfield>
    <subfield code="2">ddc</subfield>
    <subfield code="7">0</subfield>
    <subfield code="a">KOL</subfield>
    <subfield code="b">KOL</subfield>
    <subfield code="d">2024-09-29</subfield>
    <subfield code="e">SATIN</subfield>
    <subfield code="l">0</subfield>
    <subfield code="o">828.3354 DUN 2021</subfield>
    <subfield code="p">ABB104012</subfield>
    <subfield code="r">2024-09-30 10:10:33</subfield>
    <subfield code="w">2024-09-30</subfield>
    <subfield code="y">BK</subfield>
  </datafield>
  <datafield tag="952" ind1=" " ind2=" ">
    <subfield code="0">0</subfield>
    <subfield code="1">0</subfield>
    <subfield code="2">ddc</subfield>
    <subfield code="7">0</subfield>
    <subfield code="a">BAT</subfield>
    <subfield code="b">BAT</subfield>
    <subfield code="d">2025-02-03</subfield>
    <subfield code="l">0</subfield>
    <subfield code="o">828.3354 DUN 2021</subfield>
    <subfield code="p">ABB123118</subfield>
    <subfield code="r">2025-02-03 09:30:18</subfield>
    <subfield code="w">2025-02-03</subfield>
    <subfield code="y">BK</subfield>
  </datafield>
  <datafield tag="952" ind1=" " ind2=" ">
    <subfield code="0">0</subfield>
    <subfield code="1">0</subfield>
    <subfield code="2">ddc</subfield>
    <subfield code="7">0</subfield>
    <subfield code="a">BAT</subfield>
    <subfield code="b">BAT</subfield>
    <subfield code="d">2025-10-03</subfield>
    <subfield code="l">0</subfield>
    <subfield code="o">828.3354 DUN 2021</subfield>
    <subfield code="p">ABB124697</subfield>
    <subfield code="r">2025-10-03 15:10:20</subfield>
    <subfield code="w">2025-10-03</subfield>
    <subfield code="y">BK</subfield>
  </datafield>
  <datafield tag="999" ind1=" " ind2=" ">
    <subfield code="c">3002</subfield>
    <subfield code="d">3002</subfield>
  </datafield>
</record>
